000 00883nam a22002537a 4500
005 20170124103040.0
010 _aA-574926
020 _c40.00
_a8185117381
035 _aA-574926
037 _bCen Lib/Ret
040 _aDPL
_bHN
082 _a
_bनरेश
100 _aनरेश
_941420
245 _aदन्दासा /
_cनरेश
246 _aDandasa /
_bby Naresh
260 _aदिल्ली
_bहिन्दी साहित्य संसार उद्योग
_c1992
270 _bदिल्ली
_a1543, नयी सड़क
_e110006
300 _a112पृ.
_c17सेमी (सजिल्द)
650 _aहिन्दी साहित्य
_967072
650 _aकहानियां
_967073
650 _aHindi literature
_967074
650 _aStories
_97500
942 _2ddc
_cHN
_h
_mनरेश
999 _c116542
_d116542